00502cam a22001337a 4500008004000000082001800040100002300058245005600081260005000137300000600187500008800193650004800281650003900329180718b1960 xxu||||| |||| 00| 0 eng d aD49x45 P699/3 aPlayfair, I. S. O. aMediterranean and middle eastcby I. S. O. Playfair aLondonbHer Majesty's Stationery Officec1960 av aContents: v.3. British fortunes reach their lowest (Sept. 1941 to Sept. 1942), 482p aWorld War, 1939-1945 --Mediterranean Region aWorld War, 1939-1945 --Middle East